000 00335nam a22001457a 4500
005 20160628153537.0
008 160628b xxu||||| |||| 00| 0 eng d
041 _aeng
082 _b10781
245 _aIndias First, Kalkattas Pride
260 _bPRD Mtro Railway Kolkatta
300 _a66
650 _aManagement
_9241
942 _cBK
999 _c4523
_d4522